000 00290nam a22001337a 4500
008 181022b xxu||||| |||| 00| 0 eng d
020 _a9781608314126
041 _aeng
080 _25 TH
_a575
100 _a5
101 _aBIO
245 _aBiochemistry
_cHavey.R.A
942 _2udc
_cBK
999 _c50386
_d50386